000 01024nam a2200265 a 4500
001 1052
003 BR-CuiBMT
005 20231127223414.0
008 230926s2012 mgb 001 0 por d
020 _a9788577005345
040 _aBR-CuiBMT
_cBR-CuiBMT
080 _a342.922:351.712
_22007
090 _a342.922:351.712
_bR335
245 0 2 _aO regime diferenciado de contratações públicas (RDC) :
_bcomentários à Lei nº 12.462 e ao Decreto nº 7.581 /
_cMarçal Justen Filho, Cesar A. Guimarães Pereira, coordenadores ; Alan Garcia Troib ... [et al.].
260 _aBelo Horizonte :
_bFórum,
_c2012.
300 _a489 p. ;
_c24 cm
504 _aInclui bibliografia e índice.
650 _aDireito administrativo
_xLicitações públicas
650 _aContratos administrativos
650 _aDireito público
700 1 _aJusten Filho, Marçal,
_d1955-
_4coord.
700 1 _aPereira, Cesar A. Guimarães (Cesar Augusto Guimarães)
_4coord.
700 1 _aTroib, Alan Garcia
_eet al.
_4autores
942 _2udc
_cLV
999 _c1052
_d1052